[Event "Turkish Super League 2019"]
[Site "Konya"]
[Date "2019.07.19"]
[Round "3"]
[White "Yaran, Siar"]
[Black "Rozum, Ivan"]
[Result "0-1"]
[WhiteElo "2197"]
[BlackElo "2583"]
[Annotator "ChessBase"]
[PlyCount "80"]
[EventDate "2019.07.17"]
[EventType "team-tourn"]
[EventCountry "TUR"]
[SourceTitle "playchess.com"]
[Source "ChessBase"]
[SourceQuality "1"]
[TimeControl "40/5400+30:1800+30"]

1. c4 {[%emt 0:45:30]} Nf6 {[%emt 0:06:30]} 2. Nc3 {[%emt 0:00:30]} c5 {[%emt 0:00:30]} 3. g3 {[%emt 0:00:30]} e6 {[%emt 0:00:30]} 4. Nf3 {[%emt 0:00:30]} b6 {[%emt 0:00:30]} 5. Bg2 {[%emt 0:00:30]} Bb7 {[%emt 0:00:30]} 6. O-O {[%emt 0:00:30]} d6 {[%emt 0:00:30]} 7. d4 {[%emt 0:00:30]} cxd4 {[%emt 0:00:30]} 8. Qxd4 {[%emt 0:00:30]} a6 {[%emt 0:00:30]} 9. Bg5 {[%emt 0:00:30]} Nbd7 {[%emt 0:00:30]} 10. Rfd1 {[%emt 0:00:30]} Be7 {[%emt 0:00:30]} 11. a4 {[%emt 0:00:30]} O-O {[%emt 0:00:30]} 12. Bxf6 {[%emt 0:00:30]} Nxf6 {[%emt 0:00:30]} 13. b4 {[%emt 0:00:30]} Qc7 {[%emt 0:03:30]} 14. Rac1 {[%emt 0:06:30]} Rfd8 {[%emt 0:05:30]} 15. Nd2 {[%emt 0:02:30]} Bxg2 {[%emt 0:02:30]} 16. Kxg2 {[%emt 0:00:00]} Rac8 {[%emt 0:00:30]} 17. e4 {[%emt 0:04:00]} Nd7 {[%emt 0:08:30]} 18. f4 {[%emt 0:03:30]} Bf6 {[%emt 0:03:30]} 19. Qe3 {[%emt 0:03:30]} Qc6 {[%emt 0:03:30]} 20. Nf3 {[%emt 0:07:30]} Qa8 {[%emt 0:30:30]} 21. Ne2 {[%emt 0:04:21]} Be7 {[%emt 0:02:30]} 22. Ned4 {[%emt 0:02:43]} Bf8 {[%emt 0:04:30]} 23. Nb3 {[%emt 0:05:18]} Rc7 {[%emt 0:01:30]} 24. a5 {[%emt 0:05:02]} Rb8 {[%emt 0:01:30]} 25. axb6 {[%emt 0:04:17]} Rxb6 {[%emt 0:00:30]} 26. e5 {[%emt 0:00:49]} Rxb4 {[%emt 0:01:30]} 27. exd6 {[%emt 0:00:30]} Rcxc4 {[%emt 0:00:30]} 28. Rxc4 {[%emt 0:00:55]} Rxc4 {[%emt 0:00:00]} 29. Kh3 {[%emt 0:00:44]} Rc2 {[%emt 0:03:07]} 30. Nbd4 {[%emt 0:00:30]} Qd5 {[%emt 0:01:01]} 31. Nxc2 {[%emt 0:00:30]} Qxd1 {[%emt 0:00:30]} 32. Ncd4 {[%emt 0:00:25]} Nc5 {[%emt 0:08:55]} 33. f5 {[%emt 0:00:11]} Qf1+ {[%emt 0:00:33]} 34. Kh4 {[%emt 0:00:25]} Bxd6 {[%emt 0:04:30]} 35. fxe6 {[%emt 0:00:30]} Be7+ {[%emt 0:00:30]} 36. Kg4 {[%emt 0:00:05]} h5+ {[%emt 0:01:02]} 37. Kf4 {[%emt 0:01:13]} fxe6 {[%emt 0:01:18]} 38. Nxe6 {[%emt 0:01:04]} Qc4+ {[%emt 0:00:13]} 39. Nfd4 {[%emt 0:00:10]} Qd5 {[%emt 0:01:04]} 40. h4 {[%emt 0:00:00]} Bd6+ {[%emt 0:00:40]} 0-1

[Event "Turkish Super League 2019"]
[Site "Konya"]
[Date "2019.07.19"]
[Round "3"]
[White "Akdogan, Alperen"]
[Black "Tarlabasi, Emirhan"]
[Result "1/2-1/2"]
[WhiteElo "2193"]
[BlackElo "2352"]
[Annotator "NA"]
[PlyCount "173"]
[EventDate "2019.07.17"]
[EventType "team-tourn"]
[EventCountry "TUR"]
[SourceTitle "playchess.com"]
[Source "ChessBase"]
[SourceQuality "1"]
[TimeControl "40/5400+30:1800+30"]

1. d4 d5 2. Nf3 Nf6 3. c4 e6 4. g3 Bb4+ 5. Bd2 Be7 6. Bg2 O-O 7. O-O c6 8. Bf4 Nbd7 9. Nc3 b6 10. Re1 Bb7 11. Rc1 a6 12. cxd5 cxd5 13. Qb3 Rc8 14. a4 h6 15. Na2 g5 16. Rxc8 Bxc8 17. Be3 Bd6 18. Rc1 Qe7 19. h4 Ne4 20. Nc3 Nxc3 21. Qxc3 f6 22. Qd3 Kg7 23. Bh3 Rd8 24. Qd2 Bb7 25. hxg5 hxg5 26. Kg2 Rh8 27. Rh1 Nf8 28. Bg4 Rxh1 29. Kxh1 Kg8 30. Qd3 Bc8 31. Kg1 Kg7 32. Kg2 Qe8 33. Qc2 Bd7 34. Bh3 Bxa4 35. b3 Bb5 36. Nh2 Qg6 37. Qd2 a5 38. f3 Bb4 39. Qc1 Bxe2 40. Qc7+ Qf7 41. Qxb6 Bd3 42. Kf2 Bc2 43. f4 {[%emt 2:14:43]} Bxb3 {[%emt 2:01:42]} 44. fxg5 {[%emt 0:00:52]} fxg5+ {[%emt 0:00:49]} 45. Kg1 {[%emt 0:00:05]} Qe7 {[%emt 0:13:22]} 46. Nf3 {[%emt 0:01:46]} Nh7 {[%emt 0:03:04]} 47. Ne5 {[%emt 0:02:22]} Nf8 {[%emt 0:01:26]} 48. Nc6 {[%emt 0:02:32]} Qd6 {[%emt 0:01:24]} 49. Qb7+ {[%emt 0:00:21]} Qd7 {[%emt 0:00:23]} 50. Qxd7+ {[%emt 0:02:00]} Nxd7 {[%emt 0:00:04]} 51. Nxb4 {[%emt 0:00:10]} axb4 {[%emt 0:00:05]} 52. Bd2 {[%emt 0:00:27]} Nf6 {[%emt 0:00:58]} 53. Bxe6 {[%emt 0:00:35]} Ne4 {[%emt 0:00:42]} 54. Bxb4 {[%emt 0:00:07]} Nxg3 {[%emt 0:00:01]} 55. Kf2 {[%emt 0:01:01]} Ne4+ {[%emt 0:00:26]} 56. Ke3 {[%emt 0:00:16]} Kg6 {[%emt 0:00:15]} 57. Be7 {[%emt 0:00:38]} Kh5 {[%emt 0:00:55]} 58. Kf3 {[%emt 0:00:33]} Kh4 {[%emt 0:01:14]} 59. Kg2 {[%emt 0:00:16]} Nc3 {[%emt 0:00:29]} 60. Bb4 {[%emt 0:00:17]} Ne2 {[%emt 0:00:29]} 61. Be1+ {[%emt 0:00:59]} Kh5 {[%emt 0:00:04]} 62. Bf7+ {[%emt 0:00:03]} Kh6 {[%emt 0:00:25]} 63. Bf2 {[%emt 0:00:36]} Nf4+ {[%emt 0:00:33]} 64. Kf3 {[%emt 0:00:45]} Bd1+ {[%emt 0:00:05]} 65. Kg3 {[%emt 0:00:25]} Kg7 {[%emt 0:00:43]} 66. Be8 {[%emt 0:00:03]} Kf6 {[%emt 0:00:50]} 67. Bd7 {[%emt 0:00:06]} Ne2+ {[%emt 0:00:00]} 68. Kg2 {[%emt 0:00:45]} Bc2 {[%emt 0:00:08]} 69. Be3 {[%emt 0:00:19]} Bf5 {[%emt 0:01:43]} 70. Bc6 {[%emt 0:00:30]} Be4+ {[%emt 0:00:00]} 71. Kf2 {[%emt 0:00:00]} Nc3 {[%emt 0:00:01]} 72. Kg3 {[%emt 0:00:16]} Bf5 {[%emt 0:01:18]} 73. Kf3 {[%emt 0:01:24]} Be6 {[%emt 0:00:25]} 74. Bd2 {[%emt 0:01:25]} Ne4 {[%emt 0:00:06]} 75. Bc1 {[%emt 0:00:00]} Kf5 {[%emt 0:00:36]} 76. Bb5 {[%emt 0:00:09]} g4+ {[%emt 0:00:23]} 77. Kg2 {[%emt 0:00:10]} Kf6 {[%emt 0:00:46]} 78. Bd3 {[%emt 0:00:28]} Nc3 {[%emt 0:00:52]} 79. Bd2 {[%emt 0:00:25]} Na4 {[%emt 0:01:01]} 80. Kg3 {[%emt 0:00:32]} Nb2 {[%emt 0:00:29]} 81. Be2 {[%emt 0:00:38]} Nc4 {[%emt 0:00:05]} 82. Bc1 {[%emt 0:00:30]} Nd6 {[%emt 0:00:14]} 83. Bxg4 {[%emt 0:00:27]} Bxg4 {[%emt 0:00:30]} 84. Kxg4 {[%emt 0:00:30]} Nf5 {[%emt 0:00:30]} 85. Kf4 {[%emt 0:00:30]} Nxd4 {[%emt 0:00:30]} 86. Bb2 {[%emt 0:00:30]} Ke6 {[%emt 0:00:30]} 87. Bxd4 {[%emt 0:00:30]} 1/2-1/2

[Event "Turkish Super League 2019"]
[Site "Konya"]
[Date "2019.07.19"]
[Round "3"]
[White "Seyhanoglu, Deniz"]
[Black "Secer, Ata"]
[Result "0-1"]
[WhiteElo "2115"]
[BlackElo "2324"]
[Annotator "NA"]
[PlyCount "78"]
[EventDate "2019.07.17"]
[EventType "team-tourn"]
[EventCountry "TUR"]
[SourceTitle "playchess.com"]
[Source "ChessBase"]
[SourceQuality "1"]
[TimeControl "40/5400+30:1800+30"]

1. c4 {[%emt 0:41:30]} Nf6 {[%emt 0:05:30]} 2. Nc3 {[%emt 0:00:30]} e5 {[%emt 0:00:30]} 3. g3 {[%emt 0:00:30]} Bb4 {[%emt 0:00:30]} 4. Bg2 {[%emt 0:00:30]} Bxc3 {[%emt 0:00:30]} 5. bxc3 {[%emt 0:00:30]} O-O {[%emt 0:00:30]} 6. d3 {[%emt 0:00:30]} Re8 {[%emt 0:00:30]} 7. e4 {[%emt 0:00:30]} c6 {[%emt 0:00:30]} 8. Ne2 {[%emt 0:00:30]} d5 {[%emt 0:00:30]} 9. cxd5 {[%emt 0:00:30]} cxd5 {[%emt 0:00:30]} 10. O-O {[%emt 0:01:30]} dxe4 {[%emt 0:00:30]} 11. dxe4 {[%emt 0:00:30]} Nc6 {[%emt 0:00:30]} 12. Be3 {[%emt 0:09:30]} Be6 {[%emt 0:02:30]} 13. f3 {[%emt 0:03:30]} Qxd1 {[%emt 0:02:30]} 14. Rfxd1 {[%emt 0:00:30]} Red8 {[%emt 0:00:30]} 15. Rxd8+ {[%emt 0:04:30]} Rxd8 {[%emt 0:00:30]} 16. Bf1 {[%emt 0:08:30]} Ne8 {[%emt 0:03:30]} 17. Nc1 {[%emt 0:04:54]} Nd6 {[%emt 0:01:30]} 18. Nb3 {[%emt 0:01:01]} b6 {[%emt 0:03:30]} 19. Rd1 {[%emt 0:00:59]} Kf8 {[%emt 0:00:00]} 20. Bc1 {[%emt 0:01:43]} Ke8 {[%emt 0:03:00]} 21. Ba3 {[%emt 0:04:37]} Nc4 {[%emt 0:03:30]} 22. Rxd8+ {[%emt 0:00:02]} Kxd8 {[%emt 0:00:30]} 23. Bxc4 {[%emt 0:03:32]} Bxc4 {[%emt 0:00:30]} 24. Kf2 {[%emt 0:00:19]} g6 {[%emt 0:00:30]} 25. Nc1 {[%emt 0:01:20]} Kd7 {[%emt 0:01:30]} 26. Ke3 {[%emt 0:01:19]} Ke6 {[%emt 0:05:30]} 27. Bf8 {[%emt 0:00:48]} f5 {[%emt 0:02:30]} 28. Kd2 {[%emt 0:03:56]} h5 {[%emt 0:01:30]} 29. Ke3 {[%emt 0:01:44]} g5 {[%emt 0:01:30]} 30. f4 {[%emt 0:01:31]} exf4+ {[%emt 0:00:00]} 31. gxf4 {[%emt 0:00:04]} g4 {[%emt 0:00:00]} 32. e5 {[%emt 0:00:38]} h4 {[%emt 0:00:30]} 33. Bh6 {[%emt 0:02:32]} h3 {[%emt 0:00:30]} 34. Kf2 {[%emt 0:00:34]} Kd5 {[%emt 0:02:30]} 35. Bg5 {[%emt 0:00:27]} Ke4 {[%emt 0:00:30]} 36. Nb3 {[%emt 0:00:33]} Kd3 {[%emt 0:00:30]} 37. Nd4 {[%emt 0:00:43]} Nxd4 {[%emt 0:00:30]} 38. cxd4 {[%emt 0:00:03]} Bxa2 {[%emt 0:00:00]} 39. Bf6 {[%emt 0:01:12]} b5 {[%emt 0:00:00]} 0-1

[Event "Turkish Super League 2019"]
[Site "Konya"]
[Date "2019.07.19"]
[Round "3"]
[White "Korkmaz, Necmettin"]
[Black "Demircioglu, Emre"]
[Result "0-1"]
[WhiteElo "2078"]
[BlackElo "2242"]
[Annotator "NA"]
[PlyCount "114"]
[EventDate "2019.07.17"]
[EventType "team-tourn"]
[EventCountry "TUR"]
[SourceTitle "playchess.com"]
[Source "ChessBase"]
[SourceQuality "1"]
[TimeControl "40/5400+30:1800+30"]

1. e4 c5 2. c3 e6 3. d4 d5 4. e5 Nc6 5. Nf3 Nge7 6. a3 Nf5 7. dxc5 Bxc5 8. b4 Bb6 9. Bd3 Nh4 10. Nxh4 Qxh4 11. Qe2 f6 12. exf6 O-O 13. Be3 Rxf6 14. Bxb6 axb6 15. Qe3 e5 16. Qg3 Qh5 17. b5 Ne7 18. O-O e4 19. Bc2 Rg6 20. Bd1 Qf5 21. Qe3 Qh3 22. Qxh3 Bxh3 23. g3 Bxf1 24. Kxf1 Rf6 25. Kg2 Rc8 26. Ra2 Ng6 27. Rd2 Rc5 28. a4 Ne5 29. Bb3 Nd3 30. Kg1 Kf8 31. Bd1 Ke7 32. f3 Ne5 33. fxe4 dxe4 34. Re2 Nf3+ 35. Kg2 Re6 36. Bb3 Ree5 37. Bc2 Ng5 38. h4 Nf7 39. Rxe4 h6 40. Kf3 Rxe4 41. Kxe4 Nd6+ 42. Ke3 Kf6 43. Bd3 Ke5 44. Bc2 Rc4 45. Bb3 Rc8 46. g4 Ne4 {[%emt 2:05:31]} 47. c4 {[%emt 2:10:28]} Rf8 {[%emt 0:00:08]} 48. Bc2 {[%emt 0:06:38]} Rf4 {[%emt 0:01:14]} 49. Bd1 {[%emt 0:00:43]} Nd6 {[%emt 0:01:41]} 50. c5 {[%emt 0:03:43]} Nc4+ {[%emt 0:00:59]} 51. Kd3 {[%emt 0:02:37]} Nb2+ {[%emt 0:01:43]} 52. Kc2 {[%emt 0:00:00]} Nxd1 {[%emt 0:00:07]} 53. Kxd1 {[%emt 0:00:11]} bxc5 {[%emt 0:00:50]} 54. a5 {[%emt 0:00:15]} Rxg4 {[%emt 0:00:49]} 55. Nd2 {[%emt 0:00:43]} Ra4 {[%emt 0:02:23]} 56. Kc2 {[%emt 0:00:08]} Kd5 {[%emt 0:00:03]} 57. Nb3 {[%emt 0:00:30]} c4 {[%emt 0:00:35]} 0-1

[Event "Turkish Super League 2019"]
[Site "Konya"]
[Date "2019.07.19"]
[Round "3"]
[White "Dolgun, Can"]
[Black "Lobanov, Sergei"]
[Result "0-1"]
[WhiteElo "2064"]
[BlackElo "2505"]
[Annotator "ChessBase"]
[PlyCount "86"]
[EventDate "2019.07.17"]
[EventType "team-tourn"]
[EventCountry "TUR"]
[SourceTitle "playchess.com"]
[Source "ChessBase"]
[SourceQuality "1"]
[TimeControl "40/5400+30:1800+30"]

1. e4 {[%emt 0:18:30]} e5 {[%emt 0:24:30]} 2. Nf3 {[%emt 0:00:30]} Nc6 {[%emt 0:00:30]} 3. Bb5 {[%emt 0:00:30]} a6 {[%emt 0:00:30]} 4. Ba4 {[%emt 0:00:30]} d6 {[%emt 0:00:30]} 5. O-O {[%emt 0:00:30]} Bd7 {[%emt 0:00:30]} 6. c3 {[%emt 0:00:30]} Nge7 {[%emt 0:00:30]} 7. d4 {[%emt 0:00:30]} Ng6 {[%emt 0:00:30]} 8. dxe5 {[%emt 0:00:30]} Ncxe5 {[%emt 0:00:30]} 9. Nxe5 {[%emt 0:00:30]} dxe5 {[%emt 0:00:30]} 10. Bxd7+ {[%emt 0:00:30]} Qxd7 {[%emt 0:00:30]} 11. Qxd7+ {[%emt 0:00:30]} Kxd7 {[%emt 0:00:30]} 12. Be3 {[%emt 0:00:30]} Be7 {[%emt 0:00:30]} 13. Rd1+ {[%emt 0:00:30]} Ke6 {[%emt 0:00:30]} 14. Nd2 {[%emt 0:00:30]} Rhc8 {[%emt 0:00:30]} 15. a4 {[%emt 0:00:30]} b6 {[%emt 0:00:30]} 16. Nb3 {[%emt 0:00:30]} Nf8 {[%emt 0:06:30]} 17. Rd5 {[%emt 0:01:30]} c6 {[%emt 0:03:30]} 18. Rd2 {[%emt 0:04:30]} c5 {[%emt 0:06:30]} 19. c4 {[%emt 0:01:30]} Nd7 {[%emt 0:05:30]} 20. Rad1 {[%emt 0:09:30]} Ra7 {[%emt 0:09:30]} 21. Nc1 {[%emt 0:03:30]} Nb8 {[%emt 0:01:30]} 22. Ne2 {[%emt 0:01:30]} Nc6 {[%emt 0:00:30]} 23. Nc3 {[%emt 0:15:30]} Nd4 {[%emt 0:00:00]} 24. Nd5 {[%emt 0:01:30]} Rb7 {[%emt 0:00:00]} 25. Kf1 {[%emt 0:10:30]} Bd6 {[%emt 0:00:30]} 26. Bxd4 {[%emt 0:04:30]} cxd4 {[%emt 0:03:30]} 27. b3 {[%emt 0:00:30]} b5 {[%emt 0:01:30]} 28. cxb5 {[%emt 0:04:05]} axb5 {[%emt 0:00:30]} 29. a5 {[%emt 0:01:17]} f5 {[%emt 0:03:30]} 30. f3 {[%emt 0:00:54]} fxe4 {[%emt 0:06:30]} 31. fxe4 {[%emt 0:00:04]} Rc5 {[%emt 0:04:30]} 32. Ra2 {[%emt 0:03:53]} Rxd5 {[%emt 0:04:40]} 33. exd5+ {[%emt 0:00:41]} Kxd5 {[%emt 0:00:04]} 34. a6 {[%emt 0:00:00]} Ra7 {[%emt 0:00:30]} 35. Rc1 {[%emt 0:00:00]} d3 {[%emt 0:01:28]} 36. Ra5 {[%emt 0:00:26]} Kd4 {[%emt 0:12:51]} 37. Rc6 {[%emt 0:02:56]} Rf7+ {[%emt 0:00:04]} 38. Kg1 {[%emt 0:00:55]} Bb8 {[%emt 0:00:05]} 39. Rxb5 {[%emt 0:00:27]} d2 {[%emt 0:01:48]} 40. Rc4+ {[%emt 0:00:54]} Ke3 {[%emt 0:00:00]} 41. Rd5 {[%emt 0:00:28]} Ba7 {[%emt 0:00:30]} 42. h3 {[%emt 0:01:30]} Bd4 {[%emt 0:00:30]} 43. Rc3+ {[%emt 0:01:30]} Ke4+ {[%emt 0:00:30]} 0-1

[Event "Turkish Super League 2019"]
[Site "Konya"]
[Date "2019.07.19"]
[Round "3"]
[White "Caglar, Ahmet Ata"]
[Black "Sarana, Alexey"]
[Result "0-1"]
[WhiteElo "2051"]
[BlackElo "2640"]
[Annotator "TA"]
[PlyCount "58"]
[EventDate "2019.07.17"]
[EventType "team-tourn"]
[EventCountry "TUR"]
[SourceTitle "playchess.com"]
[Source "ChessBase"]
[SourceQuality "1"]

{[%evp 13,58,-2,-6,-4,0,-57,-51,-57,-70,-100,-71,-65,-65,-102,-94,-102,-104,-101,-101,-106,-102,-192,-110,-146,-133,-134,-133,-145,-125,-198,-197,-200,-189,-233,-223,-258,-260,-544,-538,-657,-657,-736,-575,-606,-599,-654,-652]} 1. Nf3 Nf6 2. g3 g6 3. Bg2 d5 4. O-O Bg7 5. c4 O-O 6. d4 dxc4 7. Qc2 Nc6 {[%cal Bb8c6,Bc6b4,Bb4d3][%mdl 32]} 8. Rd1 {D77: Fianchetto Grünfeld: 6 0-0: Replies other than 6...c6} (8. Qxc4 Be6 9. Qa4 Nd5 10. Qd1 Nb6 11. e3 Qc8 12. b3 Bg4 13. Bb2 e5 14. d5 Rd8 15. e4 f5 {1-0 (40) Vazquez Igarza,R (2517)-Tukmakov,V (2560) Amsterdam 2006}) 8... Be6 9. e4 ({White should try} 9. Na3 $11) 9... Nb4 $1 $15 {[%cal Rb4c2]} 10. Qe2 $1 {Black is slightly better.} Nd3 $146 ({Predecessor:} 10... Nxe4 11. Qxe4 Bf5 12. Qh4 Nc2 13. Bh6 f6 14. Bxg7 Kxg7 15. g4 g5 {1-0 (41) Poley,V (2351)-Karpatchev,A (2430) Agneaux 2003}) 11. Nc3 c6 12. h3 b5 $36 {[%cal Bb7b5,Bb5b4][%mdl 2080] White is under pressure.} 13. Be3 b4 14. e5 bxc3 15. exf6 Bxf6 ({Inferior is} 15... cxb2 16. fxg7 Kxg7 17. Rab1 $16) 16. bxc3 Qa5 17. Qd2 (17. Ne1 $17 {might work better.}) 17... Bd5 (17... Rab8 $19 {And now ...Rb2 would win.} 18. Rab1 Rxb1 19. Rxb1 c5 20. dxc5 Bxc3) 18. Rab1 Rab8 19. Ne1 Nxe1 20. Rxe1 Rb6 21. Bf1 (21. Bh6 $17 {was called for.} Rd8 22. Bxd5 cxd5 23. Rxb6 axb6 24. Rb1) 21... Rfb8 $19 22. Rxb6 axb6 ({Don't take} 22... Qxb6 23. Re2 $17) 23. Rb1 b5 {[%cal Bb6b5,Bb5a4,Ba4a3][%mdl 32]} 24. Rb4 Ra8 25. a4 $2 {[#]} (25. Rb2) 25... bxa4 {Black is clearly winning.} 26. Qa2 a3 27. Bc1 e6 28. Bxc4 Bxc4 29. Rxc4 Qd5 {Accuracy: White = 27%, Black = 81%.} 0-1

[Event "Turkish Super League 2019"]
[Site "Konya"]
[Date "2019.07.20"]
[Round "4"]
[White "Firouzja, Alireza"]
[Black "Sarana, Alexey"]
[Result "1/2-1/2"]
[WhiteElo "2685"]
[BlackElo "2640"]
[Annotator "TA"]
[PlyCount "76"]
[EventDate "2019.07.17"]
[EventType "team-tourn"]
[EventCountry "TUR"]
[SourceTitle "playchess.com"]
[Source "ChessBase"]
[SourceQuality "1"]

{[%evp 18,76,17,20,22,13,66,59,57,56,83,80,125,68,73,64,67,37,51,10,2,12,6,0,0,-25,-10,-2,-7,-16,-17,-15,-16,-37,-43,-42,-33,-21,-17,-87,-25,-48,0,0,0,0,0,0,0,0,0,0,0,0,0,0,0,0,0,0,0]} 1. e4 c5 2. Nf3 d6 3. d4 cxd4 4. Nxd4 Nf6 5. Nc3 a6 6. Be3 e5 7. Nf3 Qc7 8. a4 Be7 9. Be2 O-O 10. O-O Nbd7 {B90: Sicilian Najdorf: Unusual White 6th moves, 6 Be3 Ng4 and 6 Be3 e5} 11. Nd2 b6 ({Black should play} 11... Nc5 $11) 12. Nc4 $14 Bb7 {White is slightly better.} 13. f3 Rfd8 14. Bf2 {[#]} Nc5 $146 {[%cal Bd7c5,Bc5e6,Be6f4][%mdl 32] Black wants to play ...d5.} ({Predecessor:} 14... g6 15. Ne3 Nc5 16. Bc4 Ne6 17. Ncd5 Nxd5 18. Nxd5 Bxd5 19. Bxd5 {0-1 (55) Movsesian,S (2677)-Ivanchuk,V (2739) Caleta 2014}) 15. Ne3 (15. b4 $16 Ncd7 16. Qd2) 15... Ne6 16. Bc4 Nf4 17. b3 Rac8 18. Kh1 d5 $1 {[%cal Rd5e4]} 19. Ncxd5 ({Much less strong is} 19. Nexd5 N6xd5 20. Nxd5 Nxd5 $16) 19... N6xd5 20. Bxd5 Qc3 21. Nc4 {[#] Black must now prevent Be1.} Bxd5 22. exd5 Nxd5 23. Qe2 b5 24. axb5 axb5 25. Nb6 Nxb6 26. Bxb6 Rd2 27. Qxb5 {[#] Hoping for Ba5.} Qxc2 28. Bg1 (28. Rg1 $11 {remains equal.}) 28... h5 (28... h6 $17) 29. Qb7 $1 $11 {[%cal Rb7e7]} Bf6 30. b4 {[%cal Bb3b4,Bb4b5][%mdl 32] The position is equal.} Rcd8 31. Qe4 Rb8 {Strongly threatening ...Qxe4.} 32. Rfb1 Qxe4 33. fxe4 Bd8 34. b5 Bb6 35. Ra6 Bxg1 36. Kxg1 Rd4 37. b6 Rd6 38. Ra5 Rdxb6 {Accuracy: White = 55%, Black = 66%.} 1/2-1/2

[Event "Turkish Super League 2019"]
[Site "Konya"]
[Date "2019.07.20"]
[Round "4"]
[White "Ivanchuk, Vassily"]
[Black "Inarkiev, Ernesto"]
[Result "1-0"]
[WhiteElo "2684"]
[BlackElo "2693"]
[Annotator "TA"]
[PlyCount "79"]
[EventDate "2019.07.17"]
[EventType "team-tourn"]
[EventCountry "TUR"]
[SourceTitle "playchess.com"]
[Source "ChessBase"]
[SourceQuality "1"]

{[%evp 21,85,0,0,0,0,0,11,13,23,23,21,21,14,13,48,10,23,0,0,0,8,0,81,94,78,72,117,115,160,175,180,168,180,115,746,0,173,0,745,542,733,220,983,983,975,852,790,299,248,143,321,322,333,321,467,471,5147,5147,3972,1990,29989,1923,29969,29953,5306,3123]} 1. d4 d5 2. c4 dxc4 3. e3 Nf6 4. Bxc4 e6 5. Nf3 c5 6. O-O a6 7. a4 Nc6 8. Qe2 Be7 9. Rd1 O-O 10. Nc3 Qc7 11. Bd2 Rd8 {[%cal Rc5d4]} 12. Be1 {D27: Queen's Gambit Accepted: Classical main line: 7 e4!? and 7 a4} cxd4 (12... Bd6 13. h3 Qe7 14. dxc5 Bxc5 15. e4 Nd7 16. e5 b6 17. Ne4 Bb7 18. Bc3 Nb4 19. Nd6 Bd5 20. Bxb4 Bxf3 21. gxf3 Bxb4 {0-1 (82) Venkatesh,M (2445)-Nabaty,T (2622) Pardubice 2016}) 13. exd4 Bd7 14. Rac1 {The position is equal.} Rac8 $146 ({Predecessor:} 14... Be8 15. d5 exd5 16. Nxd5 Nxd5 17. Bxd5 Bf6 18. b4 Qe7 19. Qxe7 Bxe7 {½-½ (48) Vyzmanavin,A (2485)-Chekhov,V (2495) Soviet Union 1985}) 15. d5 exd5 $1 16. Nxd5 Nxd5 17. Bxd5 Bf6 18. b4 {b5 is the strong threat.} Bg4 19. Qe4 Bxf3 $1 20. gxf3 {Threatens to win with b5.} Re8 21. Qg4 {Hoping for b5.} Qe7 (21... h5 $11 22. Qxh5 Re5) 22. b5 $16 axb5 23. axb5 h5 24. Qh3 Na7 25. Rxc8 $1 Nxc8 26. Qxh5 {aiming for Bb4!} Qc7 27. Be4 ({White should try} 27. f4 $18) 27... Qc4 $2 {[%mdl 8192]} (27... g6 $16 28. Qd5 Re7) 28. Bd5 $2 (28. Qh7+ Kf8 29. Bb4+ $1 {[%mdl 512]} Qxb4 30. Rd7) 28... Qc7 $18 29. Be4 $2 (29. f4) 29... Qc4 $1 30. Qh7+ Kf8 {[#]} 31. Rb1 $2 $40 {[%mdl 128] White is out for blood.} (31. Bb4+ $1 {[%mdl 512]} Qxb4 32. Rd7) 31... Re5 $2 (31... Nd6) 32. Bb4+ Ke8 33. Qh8+ Kd7 34. Qh3+ $2 (34. Bxb7 {Rd1+ would kill now.} Be7 35. Rd1+ Nd6 36. Bc6+ Ke6 37. Bxd6 Bxd6 38. Qc8+ Ke7 39. Qe8+ Kf6 40. Rxd6+ Kf5 41. Qd7+ Kg5 42. Be4 Qc1+ 43. Kg2) 34... Qe6 35. Qf1 ({White should play} 35. Rd1+ $18 Kc7 36. Qg3) 35... Rg5+ $2 (35... Nd6 $16) 36. Kh1 Be5 {White must now prevent ...Bxh2.} 37. Bxb7 {And now Qc1! would win.} Qh6 (37... Bxh2 $142 38. Qd1+ (38. Kxh2 $2 Qe5+ {[%mdl 64] Double Attack} 39. Kh1 Rh5+ 40. Qh3+ Rxh3+ $19) (38. Bxc8+ $2 Kxc8 39. Rc1+ Kb8 $19) 38... Nd6 39. Bc8+ {[%mdl 64] Skewer, Decoy} Kxc8 40. Qc1+ {[%mdl 64] Double Attack} Nc4 41. Qxg5 Bc7) 38. f4 ({Not} 38. h3 Qh4 $18) 38... Nd6 (38... Bxf4 $142 39. h3 Kc7) 39. Bc6+ Ke6 40. fxe5 {Played: Rb1-e1} 1-0